Jumeaux de fictions en images - Statistiques

Statistiques générales
  • Ce quiz a été pris 83 fois
  • Le résultat moyen est 14 sur 40
Statistiques - réponses
Réponses % Correct
Mario
99%
Luigi
95%
Luke Skywalker
90%
Leia Organa
88%
Gru
85%
Fred Weasley
79%
George Weasley
75%
C-17
49%
C-18
49%
Cersei Lannister
49%
Sheldon Cooper
45%
Selma Bouvier
44%
Wanda Maximoff
44%
Jaime Lannister
42%
Zack Martin
41%
Cody Martin
40%
Patty Bouvier
38%
Chapi
37%
Chapo
34%
Pietro Maximoff
26%
Liv Rooney
23%
Maddie Rooney
23%
Dru
22%
Am
21%
Tweedledee
21%
Si
19%
Luka Couffaine
18%
Tweedledum
18%
Mabel Pines
14%
Missy Cooper
12%
Juleka Couffaine
11%
Kognedur Thorston
11%
Kranedur Thorston
11%
Dipper Pines
10%
Lumine
8%
Aether
7%
Saga
7%
Kanon
4%
Troy Calypso
1%
Tyreen Calypso
1%
Aucun quiz correspondant
Distribution des résultats
% des personnes avec chaque résultat
Percentile par nombre de réponses
Votre historique - résultats
Vous n’avez pas pris ce quiz